000 00700cam a22002291 4500
999 _c1144
_d1144
001 8786
003 BD-DhUAP
005 20200203113600.0
008 200203s1906 enk 001 0 eng d
040 _aDLC
_cBD-DhUAP
_dBD-DhUAP
_bEng
082 _223
_a340.54 LEA
100 1 _aLeage, R. W.
245 1 0 _aRoman private law :
_bfounded on the 'Institutes' of Gaius and Justinian /
_cR. W. Leage.
260 _aLondon,
_bMacmillan and co.,
_c1906.
300 _ax, 429 pages
_c21 cm.
500 _aIncludes index.
600 0 0 _aGaius.
_tInstitutiones.
650 0 _aRoman law
_vSources.
650 0 _aInstitutiones
_vGaius.
650 0 _aJustinian I
_vEmperor of the East
_y 483?-565.
942 _2ddc
_cBK